Normal view
MARC view
- Storage Workshop
Entry Topical Term
001 - CONTROL NUMBER
- control field: 130814
003 - CONTROL NUMBER IDENTIFIER
- control field: NUST
005 - DATE AND TIME OF LATEST TRANSACTION
- control field: 20251002160446.0
008 - FIXED-LENGTH DATA ELEMENTS
- fixed length control field: 251002|| aca||aabn | a|a d
040 ## - CATALOGING SOURCE
- Original cataloging agency: NUST
- Transcribing agency: NUST
150 ## - HEADING--TOPICAL TERM
- Topical term or geographic name entry element: Storage Workshop
670 ## - SOURCE DATA FOUND
- Source citation: Work cat.: (NUST): Tessa Evelegh 130813, Storage Workshop, 2006.
